Formula One 2000 drivers - Statistics

General Stats
  • This quiz has been taken 278 times
  • The average score is 14 of 23
Answer Stats
Team Driver Rounds % Correct
Ferrari Michael Schumacher All
99%
Williams-BMW Ralf Schumacher All
99%
McLaren-Mercedes Mika Hakkinen All
96%
Ferrari Rubens Barrichello All
95%
McLaren-Mercedes David Coulthard All
90%
Williams-BMW Jenson Button All
83%
Jaguar-Cosworth Eddie Irvine 1-9, 11-17
79%
BAR-Honda Jacques Villeneuve All
78%
Jordan-Mugen-Honda Jarno Trulli All
76%
Benetton-Playlife Giancarlo Fisichella All
75%
Jordan-Mugen-Honda Heinz-Harald Frentzen All
73%
Prost-Peugeot Jean Alesi All
66%
Arrows-Supertec Jos Verstappen All
53%
Prost-Peugeot Nick Heidfeld All
53%
Jaguar-Cosworth Johnny Herbert All
49%
Benetton-Playlife Alexander Wurz All
43%
Sauber-Petronas Mika Salo All
42%
Arrows-Supertec Pedro de la Rosa All
42%
BAR-Honda Ricardo Zonta All
42%
Minardi-Fondmetal Marc Gene All
32%
Sauber-Petronas Pedro Diniz All
32%
Minardi-Fondmetal Gaston Mazzacane All
27%
Jaguar-Cosworth Luciano Burti 10
26%
No matching quizzes found
Score Distribution
Percent of People with Each Score
Percentile by Number Answered
Your Score History
You have not taken this quiz